Normal view MARC view
  • Nueva España

Entry Nombre Geográfico

Number of records used in: 1

001 - NÚMERO DE CONTROL

  • campo de control: 27779

003 - IDENTIFICADOR DE NUMERO DE CONTROL

  • campo de control: UPN

005 - FECHA Y HORA DE LA ÜLTIMA TRANSACCIÓN

  • campo de control: 20221021131636.0

008 - DATOS DE LONGITUD FIJA

  • campo de control de longitud fija: 221021nn fzznnbaba a ana |d

035 ## - NÚMERO DE CONTROL

  • Número de control: UPN10000027788

040 ## - FUENTE DE CATALOGACIÓN

  • Lenguaje de catalogación: spa
  • Agencia de transcripción: MX-MxUPN
  • Agencia de catalogación original: MX-MxUPN

151 ## - ENCABEZAMIENTO - NOMBRE GEOGRÁFICO

  • Nombre geográfico: Nueva España
  • Subdivisión general : Condiciones económicas
  • Subdivisión cronológica : Siglo XVIII

670 ## - FUENTE EN LA QUE SE LOCALIZARON DATOS

  • Cita de la fuente: LC
  • Información localizada: New Spain - Economic conditions - 18th century

902 ## - CATALOGADOR

  • Catalogador: MCM/101219